| 000 | 00410nam a22001697a 4500 | ||
|---|---|---|---|
| 003 | MACL | ||
| 005 | 20211205162552.0 | ||
| 008 | 211205b |||||||| |||| 00| 0 eng d | ||
| 040 | _cMACL | ||
| 082 | _a891/SEK | ||
| 100 |
_aSEKHON,SANT SINGH _971183 |
||
| 245 | _aA HISTORY OF PUNJABI LITERATURE | ||
| 260 |
_aNEW DELHI _bSAHITYA AKADEMI _c1992 |
||
| 300 | _aP428 | ||
| 650 | _aLITERATURE | ||
| 942 |
_2ddc _cBK |
||
| 999 |
_c64527 _d64527 |
||